LEADER 01238nam2 2200289 i 450 001 SUN0004009 005 20120220110335.470 010 $a88-7916-059-1 020 $aIT$b95 6790 100 $a20020717d1995 |0itac50 ba 101 $aita 102 $aIT 105 $a|||| ||||| 200 1 $aˆ1: Il ‰processo di produzione, valore, distribuzione e occupazione$fa cura di Massimo Pivetti 210 $aMilano$cLED$d[1995] 215 $a358 p.$d21 cm. 410 1$1001SUN0036976$12001 $aEsedra$ecollana di letture$v17$1210 $aMilano$cLed. 461 1$1001SUN0004008$12001 $aLetture di economia politica$fa cura di Massimo Pivetti$v1$1210 $aMilano$cLED$1215 $av.$d21 cm. 620 $dMilano$3SUNL000284 702 1$aPivetti$b, Massimo$3SUNV003755 712 $aLED$3SUNV000057$4650 801 $aIT$bSOL$c20181109$gRICA 912 $aSUN0004009 950 $aUFFICIO DI BIBLIOTECA DEL DIPARTIMENTO DI GIURISPRUDENZA$d00 CONS XX.Ga.6(1) $e00 15680 995 $aUFFICIO DI BIBLIOTECA DEL DIPARTIMENTO DI GIURISPRUDENZA$h15680$kCONS XX.Ga.6(1)$op$qa 996 $aProcesso di produzione, valore, distribuzione e occupazione$91401749 997 $aUNICAMPANIA LEADER 01015nam 2200385 450 001 9910493228003321 005 20191123140031.0 010 $a1-62623-445-0 035 $a(CKB)4100000009669959 035 $a(MiAaPQ)EBC5964726 035 $a(EXLCZ)994100000009669959 100 $a20191123d2020 uy 0 101 0 $aeng 135 $aurcnu|||||||| 181 $ctxt$2rdacontent 182 $cc$2rdamedia 183 $acr$2rdacarrier 200 14$aThe glioma book /$fMichael E. Sughrue 210 1$aNew York, New York :$cThieme,$d[2020] 210 4$d©2020 215 $a1 online resource (352 pages) 300 $aIncludes index. 311 $a1-62623-444-2 606 $aBrain$xSurgery 608 $aElectronic books. 615 0$aBrain$xSurgery. 676 $a617.481 700 $aSughrue$b Michael E.$01043597 801 0$bMiAaPQ 801 1$bMiAaPQ 801 2$bMiAaPQ 906 $aBOOK 912 $a9910493228003321 996 $aThe glioma book$92468682 997 $aUNINA